Twisted twenty-six / (Record no. 129543)

MARC details
000 -LEADER
fixed length control field 01603cam a2200313 i 4500
001 - CONTROL NUMBER
control field 1107428151
003 - CONTROL NUMBER IDENTIFIER
control field OCoLC
005 - DATE AND TIME OF LATEST TRANSACTION
control field 20260122144532.0
008 - FIXED-LENGTH DATA ELEMENTS--GENERAL INFORMATION
fixed length control field 190413s2019 nyu 000 1 eng
020 ## - INTERNATIONAL STANDARD BOOK NUMBER
International Standard Book Number 9780399180194
035 ## - SYSTEM CONTROL NUMBER
System control number (OCoLC)1107428151
040 ## - CATALOGING SOURCE
Original cataloging agency Me
Language of cataloging eng
Description conventions rda
Transcribing agency Me
Modifying agency UtOrBLW
043 ## - GEOGRAPHIC AREA CODE
Geographic area code n-us-nj
100 1# - MAIN ENTRY--PERSONAL NAME
Personal name Evanovich, Janet,
Relator term author.
9 (RLIN) 1250
245 10 - TITLE STATEMENT
Title Twisted twenty-six /
Statement of responsibility, etc Janet Evanovich.
246 3# - VARYING FORM OF TITLE
Title proper/short title Twisted 26.
300 ## - PHYSICAL DESCRIPTION
Extent 306 pages ;
Dimensions 24 cm.
490 1# - SERIES STATEMENT
Series statement Stephanie Plum novel ;
Volume number/sequential designation 26.
520 ## - SUMMARY, ETC.
Summary, etc Grandma Mazur has decided to get married again - this time to a local gangster named Jimmy Rosolli. If Stephanie has her doubts about this marriage, she doesn't have to worry for long, because the groom drops dead of a heart attack 45 minutes after saying, "I do." A sad day for Grandma Mazur turns into something far more dangerous when Jimmy's former "business partners" are convinced that his new widow is keeping the keys to a financial windfall all to herself. But the one thing these wise guys didn't count on was the widow's bounty hunter granddaughter, who'll do anything to save her.
600 10 - SUBJECT ADDED ENTRY--PERSONAL NAME
Personal name Plum, Stephanie
Titles and other words associated with a name (Fictitious character)
Form subdivision Fiction.
9 (RLIN) 39905
650 #0 - SUBJECT ADDED ENTRY--TOPICAL TERM
Topical term or geographic name as entry element Women private investigators
Form subdivision Fiction.
9 (RLIN) 2913
650 #0 - SUBJECT ADDED ENTRY--TOPICAL TERM
Topical term or geographic name as entry element Women bounty hunters
Form subdivision Fiction.
9 (RLIN) 4006
650 #0 - SUBJECT ADDED ENTRY--TOPICAL TERM
Topical term or geographic name as entry element Private investigators
Form subdivision Fiction.
650 #0 - SUBJECT ADDED ENTRY--TOPICAL TERM
Topical term or geographic name as entry element Bounty hunters
Form subdivision Fiction.
9 (RLIN) 12644
651 #0 - SUBJECT ADDED ENTRY--GEOGRAPHIC NAME
Geographic name Trenton (N.J.)
Form subdivision Fiction.
9 (RLIN) 5273
655 #7 - INDEX TERM--GENRE/FORM
Genre/form data or focus term Detective and mystery fiction.
Source of term lcgft.
800 1# - SERIES ADDED ENTRY--PERSONAL NAME
Personal name Evanovich, Janet.
Title of a work Stephanie Plum novel.
9 (RLIN) 11902
942 ## - ADDED ENTRY ELEMENTS (KOHA)
Source of classification or shelving scheme Dewey Decimal Classification
Koha item type Book
Holdings
Withdrawn status Lost status Source of classification or shelving scheme Damaged status Not for loan Home library Current library Shelving location Date acquired Total Checkouts Full call number Barcode Date last seen Cost, replacement price Price effective from Koha item type
  Available Dewey Decimal Classification     Martha's Vineyard High School Library Martha's Vineyard High School Library THRILLERS 01/22/2026   FIC/EVA 39844500055468 01/22/2026 29.00 01/22/2026 Book